Soziale Welt Zeitschrift für sozialwissenschaftliche Forschung und Praxis

Uložené v:
Podrobná bibliografia
Médium: Seriál
Jazyk:German
Vydavateľské údaje: Göttingen Schwartz
Tagy: Pridať tag
Žiadne tagy, Buďte prvý, kto otaguje tento záznam!

MARC

LEADER 00000nas1a2200000 4500
001 s123380
005 20041019161911.4
041 0 |a ger 
044 |a DE 
245 1 0 |a Soziale Welt  |b Zeitschrift für sozialwissenschaftliche Forschung und Praxis 
264 1 |a Göttingen  |b Schwartz